000 00408nam a2200181Ia 4500
001 14116
005 20260306164850.0
008 260306t2010||||xx |||||||||||||| ||spa||
041 _aESP
082 _a006.7
_bT48
100 _aErl, Thomas
_eAUT
245 0 _aSOA Design patterns
260 _c2010
300 _a814 páginas :
_c23 cm.
650 _aGEN
654 _aCCC
942 _cLIB
_dJUS
_fJUS
_2ddc
_n
999 _c14116
_d14116